Vestal! / (Record no. 2616)
[ view plain ]
| 000 -LEADER | |
|---|---|
| fixed length control field | 01047cam a2200325 a 4500 |
| 001 - CONTROL NUMBER | |
| control field | 2153928 |
| 003 - CONTROL NUMBER IDENTIFIER | |
| control field | GBCCL |
| 005 - DATE AND TIME OF LATEST TRANSACTION | |
| control field | 20241126110433.0 |
| 008 - FIXED-LENGTH DATA ELEMENTS--GENERAL INFORMATION | |
| fixed length control field | 980716s1998 couaf 000 0aeng d |
| 010 ## - | |
| -- | 98229109 |
| 020 ## - INTERNATIONAL STANDARD BOOK NUMBER | |
| International Standard Book Number | 1578560039 |
| 035 ## - SYSTEM CONTROL NUMBER | |
| System control number | (OCoLC)39495812 |
| 040 ## - CATALOGING SOURCE | |
| Original cataloging agency | InBlo |
| Transcribing agency | InBlo |
| Modifying agency | MoS |
| -- | NvLC |
| -- | DLC |
| 042 ## - | |
| -- | lccopycat |
| 043 ## - | |
| -- | n-us--- |
| 050 00 - | |
| -- | ML420.G74 |
| -- | A3 1998 |
| 082 00 - DEWEY DECIMAL CLASSIFICATION NUMBER | |
| Classification number | 782.254092 |
| -- | B |
| Edition information | 21 |
| Item number | GOO |
| 100 1# - MAIN ENTRY--PERSONAL NAME | |
| Personal name | Goodman, Vestal. |
| 9 (RLIN) | 5514 |
| 245 10 - TITLE STATEMENT | |
| Title | Vestal! / |
| Statement of responsibility, etc. | Vestal Goodman with Ken Abraham. |
| 250 ## - EDITION STATEMENT | |
| Edition statement | 1st ed. |
| 260 ## - PUBLICATION, DISTRIBUTION, ETC. | |
| Place of publication, distribution, etc. | Colorado Springs, Col. : |
| Name of publisher, distributor, etc. | Waterbrook Press, |
| Date of publication, distribution, etc. | 1998. |
| 300 ## - PHYSICAL DESCRIPTION | |
| Extent | xiii, 290 p., [16] p. of plates : |
| Other physical details | ill.; |
| Dimensions | 24 cm. |
| 600 10 - SUBJECT ADDED ENTRY--PERSONAL NAME | |
| Personal name | Goodman, Vestal. |
| 9 (RLIN) | 5514 |
| 650 #0 - SUBJECT ADDED ENTRY--TOPICAL TERM | |
| Topical term or geographic name entry element | Gospel musicians |
| Geographic subdivision | United States |
| General subdivision | Biography. |
| 9 (RLIN) | 5068 |
| 700 1# - ADDED ENTRY--PERSONAL NAME | |
| Personal name | Abraham, Ken. |
| 9 (RLIN) | 5515 |
| 906 ## - LOCAL DATA ELEMENT F, LDF (RLIN) | |
| a | 7 |
| b | cbc |
| c | copycat |
| d | 2 |
| e | ncip |
| f | 19 |
| g | y-gencatlg |
| 942 ## - ADDED ENTRY ELEMENTS (KOHA) | |
| Source of classification or shelving scheme | Dewey Decimal Classification |
| Koha item type | Books |
| Withdrawn status | Lost status | Source of classification or shelving scheme | Damaged status | Not for loan | Home library | Current Library | Shelving location | Date acquired | Total checkouts | Full call number | Barcode | Date last seen | Copy number | Price effective from | Koha item type |
|---|---|---|---|---|---|---|---|---|---|---|---|---|---|---|---|
| Dewey Decimal Classification | GRACE BIBLE COLLEGE | GRACE BIBLE COLLEGE | General Studies | 2017-09-06 | 782.254092 GOO | 009674 | 2025-05-01 | c.1 | 2017-09-06 | Books |